| 000 -CABECERA |
| Longitud fija campo de control |
00717nam a2200229 a 4500 |
| 001 - NÚMERO DE CONTROL |
| Número de control |
1532 |
| 003 - IDENTIFICADOR DEL NÚMERO DE CONTROL |
| Identificador del número de control |
CDMR |
| 005 - FECHA Y HORA DE LA ÚLTIMA TRANSACCIÓN |
| Fecha y hora de la última transacción |
20131106140245.0 |
| 008 - CÓDIGOS DE INFORMACIÓN DE LONGITUD FIJA |
| Códigos de información de longitud fija |
130130s1997||||||||||||||||||||||||||||d |
| 020 ## - NÚMERO INTERNACIONAL NORMALIZADO PARA LIBROS |
| Número Internacional Normalizado para Libros (ISBN) |
848888284X |
| 040 ## - FUENTE DE LA CATALOGACIÓN |
| Centro catalogador de origen |
CDMR |
| Lengua de catalogación |
cat |
| Centro transcriptor |
CPC LLEIDA |
| 100 1# - PUNTO DE ACCESO PRINCIPAL-NOMBRE DE PERSONA |
| Nombre de persona |
Figueres i Artigues, Josep Maria |
| 9 (RLIN) |
13 |
| 245 10 - MENCIÓN DE TÍTULO |
| Título |
Història de l'anticatalanisme |
| Resto del título |
: el diari ABC i els seus homes |
| Mención de responsabilidad, etc. |
Josep M. Figueres ; pròleg de Joaquim Ferrer |
| 260 ## - PUBLICACIÓN, DISTRIBUCIÓN, ETC. (PIE DE IMPRENTA) |
| Lugar de publicación, distribución, etc. |
Tarragona |
| Fecha de publicación, distribución, etc. |
1997 |
| Nombre del editor, distribuidor, etc. |
El Mèdol |
| 300 ## - DESCRIPCIÓN FÍSICA |
| Extensión |
156 p. |
| 490 0# - MENCIÓN DE SERIE |
| Mención de serie |
Fòrum (El Mèdol) |
| Designación de volumen o secuencia |
15 |
| 610 2# - PUNTO DE ACCESO ADICIONAL DE MATERIA - NOMBRE DE ENTIDAD CORPORATIVA |
| 9 (RLIN) |
90 |
| Nombre de entidad corporativa o nombre de jurisdicción como elemento inicial |
ABC (Diari) |
| 650 04 - PUNTO DE ACCESO ADICIONAL DE MATERIA - TÉRMINO DE MATERIA |
| 9 (RLIN) |
4090 |
| Término de materia o nombre geográfico como elemento inicial |
Premsa i política |
| Subdivisión geográfica |
Espanya |
| 650 04 - PUNTO DE ACCESO ADICIONAL DE MATERIA - TÉRMINO DE MATERIA |
| 9 (RLIN) |
3379 |
| Término de materia o nombre geográfico como elemento inicial |
Nacionalisme |
| Subdivisión geográfica |
Catalunya |
| 650 04 - PUNTO DE ACCESO ADICIONAL DE MATERIA - TÉRMINO DE MATERIA |
| 9 (RLIN) |
3074 |
| Término de materia o nombre geográfico como elemento inicial |
Periodistes |
| Subdivisión de forma |
Biografia |
| 942 ## - ENTRADA DE ELEMENTOS AGREGADOS (KOHA) |
| Koha [por defecto] tipo de item |
Monografies |
| Fuente de clasificaión o esquema |
|